000 00512nam a22001817a 4500
003 CEME
005 20210628210151.0
008 210215b xxu||||| |||| 00| 0 eng d
020 _a0-87201-515-7
040 _c.
082 _a620.106 ENC
100 _aCheremisinoff, Nicholas.
_978363
245 _aEncyclopedia of fluid mechanics gas liquid flows
260 _aLONDON
_bGULF PUBLISHING
_c1999
300 _a1535P, VOL-3
650 _aFLUID MECHANICS DICTIONARIES FLOW-GAS LIQUID
_978364
942 _cBK
_2ddc
999 _c583498
_d583498